| 000 | 00995nam a2200241 a 4500 | ||
|---|---|---|---|
| 001 | 53517 | ||
| 003 | BD-RjUL | ||
| 005 | 20211209075956.0 | ||
| 008 | 161016s1964 bg ||||| |||| 00| 0 ben d | ||
| 020 | _c: Tk. 7.00 | ||
| 035 | _a(BD-RjUL)53638 | ||
| 040 |
_aBD-RjUL _bben _cBD-RjUL |
||
| 041 | _aben | ||
| 082 |
_223 _a891.4409 _bUDB 1964 |
||
| 100 |
_aউদ্দীন, মুহম্মদ মনসুর _9135192 |
||
| 245 | 1 | 0 |
_aআধুনিক বাংলা-সাহিত্যে মুসলিম-সাধনা / _cমুহম্মদ মনসুর উদ্দীন |
| 260 |
_aঢাকা : _bহাসি প্রকাশনালয়, _c১৯৬৪ |
||
| 300 |
_a খন্ড- : _bচিত্র ; _c২০ সেমি. |
||
| 505 | 0 | _aখন্ড--২ -- | |
| 650 |
_aবাংলা সাহিত্য _xইতিহাস ও সমালোচনা _9135193 |
||
| 650 |
_aBengali Literature _xHistory and Criticism _9117020 |
||
| 942 |
_2ddc _cBK |
||
| 999 |
_c53517 _d53517 |
||